ბათუმის შოთა რუსთაველის სახელმწიფო უნივერსიტეტის ბიბლიოთეკა

ქართული ხალხური პოეზიის საკითხები. (ბიბ.ჩანაწერი № 38101)

000 -LEADER
fixed length control field 00893nam a2200217Ia 4500
001 - CONTROL NUMBER
control field 4089
003 - CONTROL NUMBER IDENTIFIER
control field GE_BSU
008 - FIXED-LENGTH DATA ELEMENTS--GENERAL INFORMATION
fixed length control field 181216s||||||||xx |||||||||||||| ||und||
040 ## - CATALOGING SOURCE
Transcribing agency GE_BSU
080 ## - UNIVERSAL DECIMAL CLASSIFICATION NUMBER
Universal Decimal Classification number 398(479.22)
245 ## - TITLE STATEMENT
Title ქართული ხალხური პოეზიის საკითხები.
245 ## - TITLE STATEMENT
Remainder of title (მეგრული ნიმუშების მიხედვით). ზუგდიდის სახ. ისტორიულ–ეთნოგრაფიული მუზეუმი.
245 ## - TITLE STATEMENT
Statement of responsibility, etc. რედ. იოსებ მეგრელიძე.
260 ## - PUBLICATION, DISTRIBUTION, ETC.
Place of publication, distribution, etc. თბილისი
260 ## - PUBLICATION, DISTRIBUTION, ETC.
Name of publisher, distributor, etc. მეცნიერება
260 ## - PUBLICATION, DISTRIBUTION, ETC.
Date of publication, distribution, etc. 1979
300 ## - PHYSICAL DESCRIPTION
Extent 182 გვ. 22 სმ.
653 ## - INDEX TERM--UNCONTROLLED
Uncontrolled term ქართული ხალხური პოეზიის საკითხები.
942 ## - ADDED ENTRY ELEMENTS (KOHA)
Koha item type წიგნი

არაა ხელმისაწვდომი ეგზემპლარები.